| 000 -ლიდერი |
| ფიქსირებული სიგრძის საკონტროლო ველი |
00927nam a2200241Ia 4500 |
| 001 - საკონტროლო ნომერი |
| საკონტროლო ველი |
3756 |
| 003 - საკონტროლო ნომრის იდენტიფიკატორი |
| საკონტროლო ველი |
GE_BSU |
| 005 - ბოლო ოპერაციის თარიღი და დრო |
| საკონტროლო ველი |
20190806174113.0 |
| 008 - ფიქსირებული სიგრძის მონაცემთა ელემენტები - ზოგადი ინფორმაცია |
| ფიქსირებული სიგრძის საკონტროლო ველი |
181216s1995||||ge |||||||||||||| ||geo|| |
| 040 ## - კატალოგიზაციის წყარო |
| Transcribing agency |
GE_BSU |
| 041 ## - ენის კოდი |
| Language code of text/sound track or separate title |
geo |
| 080 ## - უნივერსალური ათობითი კლასიფიკაციის ინდექსი |
| Universal Decimal Classification number |
08(479.22) შ–20 |
| 100 ## - მთავარი ჩანაწერი - პიროვნების სახელი |
| Personal name |
შამილაძე, ვახტანგ |
| 9 (RLIN) |
1457 |
| 245 ## - ცნობა სათაურის შესახებ |
| Title |
სიმართლეს თვალი გავუსწოროთ : |
| Remainder of title |
სტატიები და წერილები / |
| Statement of responsibility, etc |
რედ.: ოთარ მიმინოშვილი. |
| 260 ## - გამოქვეყნების, გავრცელების, და სხვა. ცნობები |
| Place of publication, distribution, etc |
ბათუმი |
| 264 ## - წარმოების, გამოცემის, დისტრიბუციის და სხვა ცნობები |
| გამოცემის, წარმოების, დისტრიბუციის... ადგილი |
ბათუმი : |
| გამოცემის, წარმოების, დისტრიბუციის... სახელწოდება |
აჭარა, |
| გამოცემის, წარმოების, დისტრიბუციის... თარიღი |
1995. |
| 300 ## - ფიზიკური აღწერა |
| Extent |
135 გვ. ; |
| Other physical details |
19 სმ. |
| 546 ## - LANGUAGE NOTE |
| Language note |
რეზ. რუს. ენ. |
| 653 ## - INDEX TERM--UNCONTROLLED |
| Uncontrolled term |
სტატიები |
| 653 ## - INDEX TERM--UNCONTROLLED |
| Uncontrolled term |
წერილები |
| 700 ## - ADDED ENTRY--PERSONAL NAME |
| Personal name |
მიმინოშვილი, ომარ |
| Relator term |
რედაქტორი |
| 9 (RLIN) |
3433 |
| 942 ## - ADDED ENTRY ELEMENTS (KOHA) |
| Koha item type |
წიგნი |
| Source of classification or shelving scheme |
|